00401 2200157 4500001002100000005001500021008004100036020002200077035001900099082000800118090001400126100001700140245002200157260003800179300002600217INLIS00000000000772420241224113523241224||||||||| | ||| |||| ||  a978 602 7888 47 0 0010-12240077240 a813 a813 IND v0 aIndah Hanaco00aThe Vanilla Heart aYogyakartabBentang Pustakac2013 avi + 262 hlm; 20,5 cm